[Event "GAP 2009"]
[Site "Gap"]
[Date "2009.04.26"]
[Round "1"]
[White "Garnier, Jean Paul"]
[Black "Weberruss, Marc"]
[Result "1-0"]
[WhiteElo "2055"]
[BlackElo "1540"]
[PlyCount "31"]
[EventDate "2009.04.??"]
[EventType "swiss"]
[EventRounds "7"]
[EventCountry "FRA"]

1. e4 d6 2. d4 Nf6 3. Nc3 g6 4. Be2 Bg7 5. Be3 c6 6. a3 O-O 7. g4 b5 8. g5 Nfd7
9. h4 Bb7 10. h5 e5 11. hxg6 fxg6 12. d5 a6 13. Bg4 Nb6 14. Be6+ Kh8 15. Qg4
Qe7 16. Rxh7+ 1-0

[Event "GAP 2009"]
[Site "Gap"]
[Date "2009.04.26"]
[Round "1"]
[White "Lubrano, B."]
[Black "Benitah, Yohan"]
[Result "0-1"]
[WhiteElo "1640"]
[BlackElo "2382"]
[PlyCount "90"]
[EventDate "2009.04.??"]
[EventType "swiss"]
[EventRounds "7"]
[EventCountry "FRA"]

1. e4 c5 2. Nc3 d6 3. f4 Nc6 4. Nf3 g6 5. g3 Bg7 6. Bg2 e6 7. O-O Nge7 8. d3
O-O 9. Be3 f5 10. Qd2 b6 11. Nd1 Ba6 12. Ng5 Qd7 13. exf5 gxf5 14. c3 h6 15.
Nf3 Rad8 16. Nf2 d5 17. Ne5 Qc7 18. Rac1 Kh7 19. Rfe1 d4 20. cxd4 Nxd4 21. b4
Qd6 22. bxc5 bxc5 23. Qd1 Bb5 24. Rb1 Qa6 25. Bxd4 Rxd4 26. Qe2 Nd5 27. Rb3 Rb4
28. Rc1 Rxb3 29. axb3 Qd6 30. Nc4 Bxc4 31. dxc4 Nb4 32. Kf1 Nc6 33. Re1 Nd4 34.
Rd1 Qb6 35. Qb2 a5 36. Nd3 Nxb3 37. Ne5 Bxe5 38. fxe5 Rf7 39. Rd6 Qb4 40. Qc2
Nd4 41. Qf2 a4 42. Kg1 Qb1+ 43. Bf1 Ra7 44. g4 a3 45. g5 a2 0-1

[Event "GAP 2009"]
[Site "Gap"]
[Date "2009.04.27"]
[Round "2"]
[White "Avon, Hugo"]
[Black "Auque, Aurelien"]
[Result "1/2-1/2"]
[WhiteElo "1727"]
[BlackElo "1960"]
[PlyCount "26"]
[EventDate "2009.04.??"]
[EventType "swiss"]
[EventRounds "7"]
[EventCountry "FRA"]

1. d4 Nf6 2. c4 c5 3. d5 b5 4. cxb5 e6 5. dxe6 fxe6 6. Nc3 d5 7. e3 Bb7 8. Nf3
Bd6 9. Bd3 O-O 10. Qa4 Nbd7 11. Qh4 Ne5 12. Nxe5 Bxe5 13. O-O d4 1/2-1/2

[Event "GAP 2009"]
[Site "Gap"]
[Date "2009.04.27"]
[Round "2"]
[White "Jouet, Philippe"]
[Black "Doncea, Vladimir"]
[Result "1/2-1/2"]
[WhiteElo "1894"]
[BlackElo "2438"]
[PlyCount "54"]
[EventDate "2009.04.??"]
[EventType "swiss"]
[EventRounds "7"]
[EventCountry "FRA"]

1. d4 d5 2. Nf3 e6 3. c4 c5 4. cxd5 exd5 5. g3 Nc6 6. Bg2 Nf6 7. O-O Be7 8. Nc3
O-O 9. Bg5 c4 10. Ne5 Be6 11. Nxc6 bxc6 12. b3 Qa5 13. Qc2 Bb4 14. Bd2 Bf5 15.
Qxf5 Bxc3 16. Bxc3 Qxc3 17. bxc4 Qxc4 18. e3 Rab8 19. Rfc1 Qa6 20. Bf1 Qa3 21.
Rxc6 Ne4 22. Rc2 Rb2 23. Rac1 Qxa2 24. Rc8 g6 25. Rxf8+ Kxf8 26. Rc8+ Kg7 27.
Qe5+ Nf6 1/2-1/2

[Event "GAP 2009"]
[Site "Gap"]
[Date "2009.04.27"]
[Round "2"]
[White "Auque, Bernard"]
[Black "Groleau, Antoine"]
[Result "1-0"]
[WhiteElo "1969"]
[BlackElo "1730"]
[PlyCount "55"]
[EventDate "2009.04.??"]
[EventType "swiss"]
[EventRounds "7"]
[EventCountry "FRA"]

1. d4 Nf6 2. Nf3 d5 3. g3 e6 4. Bg2 c5 5. O-O cxd4 6. Qxd4 Nc6 7. Qa4 Bd7 8.
Nc3 Bc5 9. Bg5 Nd4 10. Bxf6 gxf6 11. Qxd4 Bxd4 12. Nxd4 h5 13. e4 e5 14. Nb3 d4
15. Nd5 Rc8 16. c3 Bb5 17. Rfd1 h4 18. cxd4 hxg3 19. hxg3 Rc2 20. dxe5 fxe5 21.
Ne3 Qc7 22. Nxc2 Qxc2 23. Rac1 Qxb2 24. Rd2 Qxc1+ 25. Nxc1 Bc4 26. Rc2 b5 27.
Bf1 Bxf1 28. Rc8+ 1-0

[Event "GAP 2009"]
[Site "Gap"]
[Date "2009.04.27"]
[Round "2"]
[White "Rubino, Adrien"]
[Black "Piankov, Evgenij"]
[Result "0-1"]
[WhiteElo "1839"]
[BlackElo "2345"]
[PlyCount "70"]
[EventDate "2009.04.??"]
[EventType "swiss"]
[EventRounds "7"]
[EventCountry "FRA"]

1. e4 g6 2. d4 Bg7 3. Nf3 c6 4. Be2 d5 5. exd5 cxd5 6. Nc3 Nc6 7. O-O Bg4 8.
Be3 Nh6 9. h3 Bxf3 10. Bxf3 e6 11. Re1 Nf5 12. Qd2 O-O 13. Ne2 Nxe3 14. fxe3
Bh6 15. Nf4 Ne7 16. Bg4 Qb6 17. c3 e5 18. Nd3 e4 19. Ne5 Qd6 20. c4 Rad8 21. c5
Qc7 22. Qf2 Bg7 23. Nxf7 Rxf7 24. Be6 Nf5 25. b4 Qe7 26. Bxf7+ Qxf7 27. Rf1 Qe7
28. Rae1 Bh6 29. Qd2 Qg5 30. Rxf5 gxf5 31. b5 f4 32. exf4 Qxf4 33. Qa5 Rf8 34.
c6 Qf2+ 35. Kh1 Bd2 0-1

[Event "GAP 2009"]
[Site "Gap"]
[Date "2009.04.28"]
[Round "3"]
[White "Py, Walter"]
[Black "Lamorte, Dominique"]
[Result "1-0"]
[WhiteElo "2115"]
[BlackElo "1650"]
[PlyCount "29"]
[EventDate "2009.04.??"]
[EventType "swiss"]
[EventRounds "7"]
[EventCountry "FRA"]

1. e4 Nf6 2. e5 Nd5 3. d4 d6 4. Nf3 Bg4 5. Be2 e6 6. O-O Nc6 7. c4 Nb6 8. exd6
Bxf3 9. Bxf3 Nxc4 10. Qa4 Nxd6 11. Bxc6+ bxc6 12. Qxc6+ Ke7 13. Nc3 Nf5 14. d5
Rb8 15. Bg5+ 1-0

[Event "GAP 2009"]
[Site "Gap"]
[Date "2009.04.28"]
[Round "3"]
[White "Avon, Hugo"]
[Black "Jouet, Philippe"]
[Result "0-1"]
[WhiteElo "1727"]
[BlackElo "1894"]
[PlyCount "80"]
[EventDate "2009.04.??"]
[EventType "swiss"]
[EventRounds "7"]
[EventCountry "FRA"]

1. d4 d5 2. c4 e6 3. Nc3 Nf6 4. Bg5 c6 5. Nf3 Nbd7 6. e3 Qa5 7. Be2 Ne4 8. Qc2
Bb4 9. Rc1 Qxa2 10. O-O Bxc3 11. bxc3 Qxc2 12. Rxc2 Nxg5 13. Nxg5 b6 14. Ra1
O-O 15. cxd5 exd5 16. c4 dxc4 17. Bxc4 Bb7 18. e4 h6 19. Nxf7 Rxf7 20. Bxf7+
Kxf7 21. e5 g5 22. Re1 Ke6 23. f3 b5 24. Rb2 Nb6 25. h4 a5 26. hxg5 hxg5 27.
Re4 a4 28. Rg4 a3 29. Ra2 b4 30. Rxg5 b3 31. Rg6+ Kd5 32. Rd6+ Kc4 33. Re2 a2
34. e6 a1=Q+ 35. Kf2 b2 36. e7 b1=Q 37. Rd8 Qf1+ 38. Ke3 Nd5+ 39. Rxd5 Kxd5 40.
Rc2 Qxd4# 0-1

[Event "GAP 2009"]
[Site "Gap"]
[Date "2009.04.28"]
[Round "3"]
[White "Auque, Aurelien"]
[Black "Mancel, Philippe"]
[Result "1-0"]
[WhiteElo "1960"]
[BlackElo "1750"]
[PlyCount "65"]
[EventDate "2009.04.??"]
[EventType "swiss"]
[EventRounds "7"]
[EventCountry "FRA"]

1. Nf3 c6 2. c4 Nf6 3. g3 e6 4. d4 d5 5. cxd5 Bb4+ 6. Bd2 Bxd2+ 7. Nbxd2 cxd5
8. Qc2 Bd7 9. Bg2 Nc6 10. O-O Rc8 11. Qb3 b6 12. a4 Qe7 13. Ra3 O-O 14. Re1 Qb4
15. e4 Qxb3 16. Nxb3 Nb4 17. Na1 Nxe4 18. Ne5 Nf6 19. a5 bxa5 20. Rxa5 Rc7 21.
Nb3 Rfc8 22. Nc5 Nc2 23. Rd1 Nxd4 24. Nexd7 Nxd7 25. Nxd7 Nc6 26. Rc5 Rxd7 27.
Rdc1 Rdc7 28. b4 Nd4 29. Rxc7 Rf8 30. Bf1 a5 31. bxa5 Nb3 32. a6 Nxc1 33. Rxc1
1-0

[Event "GAP 2009"]
[Site "Gap"]
[Date "2009.04.28"]
[Round "3"]
[White "Clement, Olivier"]
[Black "Dgebuadze, Alexandre"]
[Result "0-1"]
[WhiteElo "2070"]
[BlackElo "2539"]
[PlyCount "68"]
[EventDate "2009.04.??"]
[EventType "swiss"]
[EventRounds "7"]
[EventCountry "FRA"]

1. e4 e6 2. d4 d5 3. Nc3 Bb4 4. e5 Ne7 5. a3 Bxc3+ 6. bxc3 c5 7. Qg4 O-O 8. Bd3
Nbc6 9. Qh5 Ng6 10. Nf3 Qc7 11. Be3 c4 12. Bxg6 fxg6 13. Qg4 Qf7 14. Ng5 Qe8
15. h4 h6 16. Nh3 Bd7 17. Nf4 Ne7 18. h5 g5 19. Nh3 Qf7 20. f4 Qf5 21. Qe2 g4
22. Nf2 g3 23. Ng4 Kh8 24. O-O-O a5 25. Rh3 b5 26. Bd2 b4 27. Ne3 Qe4 28. cxb4
Nf5 29. Qf3 Qxf3 30. gxf3 c3 31. Bxc3 Nxe3 32. Rg1 Rfc8 33. Kd2 Nf5 34. bxa5
Rc4 0-1

[Event "GAP 2009"]
[Site "Gap"]
[Date "2009.04.28"]
[Round "3"]
[White "Garnier, Jean Paul"]
[Black "Benitah, Yohan"]
[Result "1/2-1/2"]
[WhiteElo "2055"]
[BlackElo "2382"]
[PlyCount "106"]
[EventDate "2009.04.??"]
[EventType "swiss"]
[EventRounds "7"]
[EventCountry "FRA"]

1. d4 d5 2. Nf3 Nf6 3. c4 e6 4. e3 c6 5. a3 Nbd7 6. Nc3 Bd6 7. Bd3 dxc4 8. Bxc4
b5 9. Be2 Bb7 10. O-O O-O 11. e4 e5 12. Bg5 h6 13. Bh4 Qe7 14. Bd3 Rad8 15. Qe2
a6 16. Rad1 c5 17. dxc5 Nxc5 18. Bb1 Ne6 19. Bg3 Nh5 20. b4 Nef4 21. Qe3 Rc8
22. Rc1 Rc7 23. Bxf4 Nxf4 24. g3 Ng6 25. Ba2 Kh7 26. Bd5 Bc8 27. Bb3 Be6 28.
Bxe6 fxe6 29. Ne2 Rxc1 30. Rxc1 Bb8 31. Kg2 Ba7 32. Qc3 Qd7 33. Qc2 Qd8 34.
Neg1 Qb6 35. Nh3 Qd8 36. Nhg1 Bd4 37. Rd1 Qb6 38. Nh3 Kg8 39. Rc1 Ne7 40. Qc7
Qxc7 41. Rxc7 Kf7 42. Nxd4 exd4 43. f4 Rc8 44. Rxc8 Nxc8 45. Kf3 e5 46. Nf2 Nd6
47. Nd3 exf4 48. gxf4 Nc4 49. Nc5 a5 50. bxa5 Nxa5 51. Ke2 Nc4 52. Kd3 Nxa3 53.
Kxd4 Nc2+ 1/2-1/2

[Event "GAP 2009"]
[Site "Gap"]
[Date "2009.04.28"]
[Round "4"]
[White "Rubino, Adrien"]
[Black "Groleau, Antoine"]
[Result "1-0"]
[WhiteElo "1839"]
[BlackElo "1730"]
[PlyCount "57"]
[EventDate "2009.04.??"]
[EventType "swiss"]
[EventRounds "7"]
[EventCountry "FRA"]

1. e4 e5 2. Nf3 Nf6 3. Bc4 Nxe4 4. O-O Bc5 5. Nxe5 d5 6. Be2 O-O 7. d4 Bd6 8.
Nd2 Bxe5 9. dxe5 Bf5 10. Nxe4 Bxe4 11. b3 Nc6 12. Bb2 Re8 13. f4 Re6 14. Bd3
Rh6 15. Bxe4 Qh4 16. Bxh7+ Kxh7 17. Qd3+ Kg8 18. h3 Rg6 19. Rf3 Rd8 20. f5 Rh6
21. f6 Rh5 22. e6 Ne5 23. fxg7 Nxf3+ 24. Qxf3 fxe6 25. Bf6 Qb4 26. Qxh5 Qc5+
27. Kh1 Qxc2 28. Qh8+ Kf7 29. Qxd8 1-0

[Event "GAP 2009"]
[Site "Gap"]
[Date "2009.04.28"]
[Round "4"]
[White "Mancel, Philippe"]
[Black "Diot, Jean Marie"]
[Result "1-0"]
[WhiteElo "1750"]
[BlackElo "1590"]
[PlyCount "55"]
[EventDate "2009.04.??"]
[EventType "swiss"]
[EventRounds "7"]
[EventCountry "FRA"]

1. Nf3 c5 2. c4 Nc6 3. d4 cxd4 4. Nxd4 g6 5. e4 Bg7 6. Be3 d6 7. Nc3 Bd7 8. Be2
Nf6 9. Qd2 O-O 10. O-O Rc8 11. Rad1 b6 12. b3 Ng4 13. Nxc6 Rxc6 14. Bxg4 Bxg4
15. f3 Bd7 16. Bh6 e6 17. Bxg7 Kxg7 18. Nb5 Qb8 19. Nxd6 Rd8 20. Qd4+ Kg8 21.
Qf6 Be8 22. Nf5 exf5 23. Qxd8 Qxd8 24. Rxd8 Kf8 25. exf5 gxf5 26. Re1 Re6 27.
Rxe6 fxe6 28. Ra8 1-0

[Event "GAP 2009"]
[Site "Gap"]
[Date "2009.04.28"]
[Round "4"]
[White "Pairaud, Jean Rene"]
[Black "Cossuta, Nello"]
[Result "0-1"]
[WhiteElo "1780"]
[BlackElo "1660"]
[PlyCount "70"]
[EventDate "2009.04.??"]
[EventType "swiss"]
[EventRounds "7"]
[EventCountry "FRA"]

1. c4 e5 2. Nc3 f5 3. e4 d6 4. d4 exd4 5. Qxd4 Nc6 6. Qe3 fxe4 7. Nxe4 Qe7 8.
Bd2 Ne5 9. f4 Ng4 10. Qe2 N8f6 11. Nxf6+ Nxf6 12. O-O-O Qxe2 13. Bxe2 Bf5 14.
Be3 a6 15. h3 Be4 16. Nf3 O-O-O 17. Rhe1 Re8 18. Bd4 Be7 19. g4 h6 20. g5 hxg5
21. Nxg5 Bf5 22. Bf1 Nh5 23. Ne6 Bh4 24. Nxg7 Rxe1 25. Nxf5 Rxd1+ 26. Kxd1 Bf6
27. Ne7+ Kd8 28. Ng6 Rh6 29. Bxf6+ Nxf6 30. f5 Rh5 31. Bg2 c6 32. Nf4 Rxf5 33.
Ne6+ Ke7 34. Nd4 Rf4 35. Ne2 Rf2 0-1

[Event "GAP 2009"]
[Site "Gap"]
[Date "2009.04.28"]
[Round "4"]
[White "Peric, Slavisa"]
[Black "Piankov, Evgenij"]
[Result "1-0"]
[WhiteElo "2277"]
[BlackElo "2345"]
[PlyCount "105"]
[EventDate "2009.04.??"]
[EventType "swiss"]
[EventRounds "7"]
[EventCountry "FRA"]

1. d4 d5 2. Nf3 c6 3. c4 e6 4. Nc3 f5 5. Qc2 Nf6 6. Bf4 Be7 7. e3 O-O 8. h3 Ne4
9. Bd3 Nd7 10. Ne5 Nxe5 11. Bxe5 Bd6 12. Bxd6 Nxd6 13. c5 Ne4 14. O-O Bd7 15.
f3 Ng3 16. Rf2 b6 17. cxb6 axb6 18. Ne2 Nxe2+ 19. Rxe2 Qe7 20. e4 Qb4 21. Qc3
Qxc3 22. bxc3 Ra3 23. exf5 exf5 24. Rc1 Kf7 25. Bb1 Re8 26. Rxe8 Kxe8 27. Kf2
Kf7 28. Ke3 Kf6 29. h4 g6 30. Kd2 f4 31. Kc2 Ra8 32. Re1 h5 33. Re5 Be6 34. Kb2
Bf7 35. Bd3 Ra5 36. Rg5 c5 37. dxc5 bxc5 38. a3 Ra7 39. Bb5 Be6 40. c4 d4 41.
Rxc5 d3 42. a4 Bf5 43. Rd5 Re7 44. Rd6+ Kf7 45. c5 Re2+ 46. Kb3 Be6+ 47. Bc4
Bxc4+ 48. Kxc4 Rxg2 49. Rxd3 g5 50. hxg5 Rxg5 51. c6 Ke7 52. c7 Rg8 53. Kc5 1-0

[Event "GAP 2009"]
[Site "Gap"]
[Date "2009.04.28"]
[Round "4"]
[White "Lamorte, Dominique"]
[Black "Bonfils, Remy"]
[Result "1/2-1/2"]
[WhiteElo "1650"]
[BlackElo "1899"]
[PlyCount "39"]
[EventDate "2009.04.??"]
[EventType "swiss"]
[EventRounds "7"]
[EventCountry "FRA"]

1. e4 c5 2. Nc3 Nc6 3. g3 g6 4. Bg2 Bg7 5. d3 d6 6. Nf3 e6 7. O-O Nge7 8. Be3
Nd4 9. Qd2 O-O 10. Bh6 Rb8 11. Bxg7 Kxg7 12. Rae1 e5 13. h4 h6 14. Nh2 Be6 15.
f4 f6 16. f5 gxf5 17. exf5 Bxf5 18. Nd5 Nxd5 19. Bxd5 Bh3 20. Rf2 1/2-1/2

[Event "GAP 2009"]
[Site "Gap"]
[Date "2009.04.29"]
[Round "5"]
[White "De la Forest, Laurent"]
[Black "Benitah, Yohan"]
[Result "0-1"]
[WhiteElo "1854"]
[BlackElo "2382"]
[PlyCount "52"]
[EventDate "2009.04.??"]
[EventType "swiss"]
[EventRounds "7"]
[EventCountry "FRA"]

1. e4 c5 2. Nf3 d6 3. d4 cxd4 4. Nxd4 Nf6 5. Nc3 a6 6. Bg5 e6 7. Bc4 Be7 8. Bb3
O-O 9. f4 Nbd7 10. f5 Nc5 11. O-O e5 12. Nf3 Ncxe4 13. Bxf6 Nxf6 14. Qd3 Bd7
15. Bd5 Bc6 16. Nd2 Qa5 17. Nb3 Qb6+ 18. Kh1 Rac8 19. Rac1 Nxd5 20. Nxd5 Bxd5
21. Qxd5 Bg5 22. Rcd1 Rxc2 23. Qxd6 Qxd6 24. Rxd6 Rxb2 25. Nc5 Be7 26. Rd5 Rb5
0-1

[Event "GAP 2009"]
[Site "Gap"]
[Date "2009.04.29"]
[Round "5"]
[White "Peric, Slavisa"]
[Black "Dgebuadze, Alexandre"]
[Result "1/2-1/2"]
[WhiteElo "2277"]
[BlackElo "2539"]
[PlyCount "35"]
[EventDate "2009.04.??"]
[EventType "swiss"]
[EventRounds "7"]
[EventCountry "FRA"]

1. d4 d5 2. Nf3 e6 3. Bg5 Nf6 4. c4 dxc4 5. Nc3 a6 6. a4 h6 7. Bxf6 Qxf6 8. e3
b6 9. Bxc4 Bb7 10. O-O Nd7 11. Bd3 Bb4 12. Be4 c6 13. Ne1 Qe7 14. Nd3 Nf6 15.
Bf3 a5 16. Qb3 Rb8 17. Rfd1 O-O 18. Na2 1/2-1/2

[Event "GAP 2009"]
[Site "Gap"]
[Date "2009.04.29"]
[Round "5"]
[White "Doncea, Vladimir"]
[Black "Auque, Aurelien"]
[Result "1-0"]
[WhiteElo "2438"]
[BlackElo "1960"]
[PlyCount "38"]
[EventDate "2009.04.??"]
[EventType "swiss"]
[EventRounds "7"]
[EventCountry "FRA"]

1. c4 Nf6 2. Nc3 c5 3. g3 g6 4. Bg2 Bg7 5. Nf3 Nc6 6. d4 cxd4 7. Nxd4 Nxd4 8.
Qxd4 O-O 9. O-O Qa5 10. c5 Ne8 11. Qe3 Bxc3 12. bxc3 Ng7 13. Qxe7 Re8 14. Qf6
Nf5 15. Bd5 Re6 16. Bxe6 dxe6 17. c4 Ng7 18. Bh6 Ne8 19. Qe7 Ng7 1-0

[Event "GAP 2009"]
[Site "Gap"]
[Date "2009.04.29"]
[Round "5"]
[White "Clement, Olivier"]
[Black "Rubino, Adrien"]
[Result "1-0"]
[WhiteElo "2070"]
[BlackElo "1839"]
[PlyCount "63"]
[EventDate "2009.04.??"]
[EventType "swiss"]
[EventRounds "7"]
[EventCountry "FRA"]

1. d4 c5 2. d5 e6 3. c4 Nf6 4. Nc3 d6 5. e4 Nbd7 6. f4 Be7 7. Nf3 Qc7 8. Be2 a6
9. a4 O-O 10. O-O Re8 11. Kh1 exd5 12. cxd5 Bf8 13. Nd2 b6 14. Bf3 Bb7 15. Nc4
Kh8 16. Qd3 Rad8 17. Bd2 Bc8 18. Rae1 Qb8 19. Re2 b5 20. axb5 axb5 21. Na5 c4
22. Qd4 Ba6 23. Nc6 Qb7 24. Nxd8 Rxd8 25. e5 dxe5 26. fxe5 Bc5 27. Qh4 b4 28.
exf6 Nxf6 29. Rfe1 bxc3 30. Bxc3 Qb6 31. Bxf6 gxf6 32. Be4 1-0

[Event "GAP 2009"]
[Site "Gap"]
[Date "2009.04.29"]
[Round "5"]
[White "Garnier, Jean Paul"]
[Black "Cossuta, Nello"]
[Result "1-0"]
[WhiteElo "2055"]
[BlackElo "1660"]
[PlyCount "45"]
[EventDate "2009.04.??"]
[EventType "swiss"]
[EventRounds "7"]
[EventCountry "FRA"]

1. e4 c5 2. Nf3 d6 3. d4 cxd4 4. Nxd4 Nf6 5. Nc3 g6 6. Be3 Bg7 7. f3 O-O 8. Qd2
Nc6 9. Bc4 Bd7 10. O-O-O Rc8 11. Bb3 Ne5 12. h4 Nc4 13. Bxc4 Rxc4 14. h5 Qa5
15. Nb3 Qa6 16. hxg6 fxg6 17. Bh6 Rxc3 18. Qxc3 Bxh6+ 19. Rxh6 Be6 20. Kb1 Qe2
21. Rhh1 Qxg2 22. Nd4 Rc8 23. Qe3 1-0

[Event "GAP 2009"]
[Site "Gap"]
[Date "2009.04.30"]
[Round "7"]
[White "Tchifteyan, Philippe"]
[Black "Souptes, Christian"]
[Result "1-0"]
[WhiteElo "1760"]
[BlackElo "1612"]
[PlyCount "35"]
[EventDate "2009.04.??"]
[EventType "swiss"]
[EventRounds "7"]
[EventCountry "FRA"]

1. e4 e6 2. d4 d5 3. e5 c5 4. c3 Nc6 5. Nf3 cxd4 6. cxd4 Bb4+ 7. Nc3 Nge7 8. a3
Bxc3+ 9. bxc3 O-O 10. Bd3 a6 11. h4 b5 12. Qc2 g6 13. Bh6 Re8 14. Bg5 Qc7 15.
Bf6 Nf5 16. Qd2 h5 17. Bxf5 exf5 18. Qh6 1-0

[Event "GAP 2009"]
[Site "Gap"]
[Date "2009.04.30"]
[Round "7"]
[White "Py, Walter"]
[Black "Peric, Slavisa"]
[Result "1/2-1/2"]
[WhiteElo "2115"]
[BlackElo "2277"]
[PlyCount "32"]
[EventDate "2009.04.??"]
[EventType "swiss"]
[EventRounds "7"]
[EventCountry "FRA"]

1. e4 e6 2. d4 d5 3. exd5 exd5 4. Bd3 Qf6 5. h3 Bd6 6. Nf3 h6 7. O-O Ne7 8. c4
dxc4 9. Bxc4 O-O 10. Nc3 Bf5 11. Re1 Nd7 12. Ne4 Bxe4 13. Rxe4 Nb6 14. Bb3 Ng6
15. Qe2 c6 16. Ne5 Bxe5 1/2-1/2

[Event "GAP 2009"]
[Site "Gap"]
[Date "2009.04.30"]
[Round "7"]
[White "Dgebuadze, Alexandre"]
[Black "Piankov, Evgenij"]
[Result "1-0"]
[WhiteElo "2539"]
[BlackElo "2345"]
[PlyCount "63"]
[EventDate "2009.04.??"]
[EventType "swiss"]
[EventRounds "7"]
[EventCountry "FRA"]

1. e4 g6 2. d4 Bg7 3. Nc3 c6 4. Bc4 d5 5. exd5 b5 6. Bb3 b4 7. Na4 cxd5 8. Nf3
Nf6 9. O-O Bg4 10. a3 bxa3 11. Rxa3 O-O 12. Nc5 Nc6 13. Ba4 Na5 14. h3 Bxf3 15.
Rxf3 Nc4 16. Re1 Rb8 17. b3 Nb6 18. Bc6 Qc8 19. Bb5 Nbd7 20. Bxd7 Nxd7 21. Bf4
Ra8 22. Rxe7 Nxc5 23. Rc7 Qe6 24. dxc5 Rfc8 25. Re3 Qf5 26. Rxc8+ Rxc8 27. Bd6
d4 28. Re2 a5 29. Qe1 h5 30. Re8+ Kh7 31. Rxc8 Qxc8 32. Qxa5 1-0

[Event "GAP 2009"]
[Site "Gap"]
[Date "2009.05.01"]
[Round "8"]
[White "Benitah, Yohan"]
[Black "Dgebuadze, Alexandre"]
[Result "1/2-1/2"]
[WhiteElo "2382"]
[BlackElo "2539"]
[PlyCount "20"]
[EventDate "2009.04.??"]
[EventType "swiss"]
[EventRounds "7"]
[EventCountry "FRA"]

1. d4 e6 2. c4 Nf6 3. Nc3 Bb4 4. Qc2 d6 5. Bd2 O-O 6. e3 Nc6 7. Bd3 e5 8. d5
Ne7 9. Nge2 c6 10. e4 a5 1/2-1/2

[Event "GAP 2009"]
[Site "Gap"]
[Date "2009.05.01"]
[Round "8"]
[White "Raffaelli, Alain"]
[Black "Tchifteyan, Philippe"]
[Result "1-0"]
[WhiteElo "1460"]
[BlackElo "1760"]
[PlyCount "48"]
[EventDate "2009.04.??"]
[EventType "swiss"]
[EventRounds "7"]
[EventCountry "FRA"]

1. e4 c5 2. Bc4 Nc6 3. Nf3 e5 4. Nc3 d6 5. d3 Bg4 6. Bxf7+ Kd7 7. h3 Bxf3 8.
Qxf3 Nf6 9. Qf5+ Kc7 10. Bg5 Be7 11. Nd5+ Nxd5 12. exd5 Nd4 13. Bxe7 Qxe7 14.
Qh5 Nxc2+ 15. Kd2 Nxa1 16. Rxa1 Raf8 17. Be6 Rxf2+ 18. Kc3 Qf6 19. Kb3 e4 20.
Rb1 Qd4 21. a3 Qxd3+ 22. Ka4 e3 23. Rd1 Rf4+ 24. b4 b5+ 1-0

[Event "GAP 2009"]
[Site "Gap"]
[Date "2009.05.01"]
[Round "8"]
[White "Lamorte, Dominique"]
[Black "Bouzid, Kamel"]
[Result "0-1"]
[WhiteElo "1650"]
[BlackElo "1732"]
[PlyCount "52"]
[EventDate "2009.04.??"]
[EventType "swiss"]
[EventRounds "7"]
[EventCountry "FRA"]

1. e4 e5 2. Nf3 Nc6 3. Bc4 Bc5 4. b4 Bb6 5. a3 Nf6 6. d3 d6 7. h3 O-O 8. O-O h6
9. Bb2 Be6 10. Nbd2 Ne7 11. Bxe6 fxe6 12. Nc4 c6 13. Nxb6 Qxb6 14. c4 c5 15. b5
Ng6 16. g3 a5 17. a4 Qc7 18. Nh4 Nxh4 19. gxh4 Qf7 20. Kh2 Nh5 21. Bc1 Qf3 22.
Qc2 Nf4 23. Bxf4 Qxf4+ 24. Kh1 Qxh4 25. f3 Qxh3+ 26. Qh2 Rxf3 0-1

[Event "GAP 2009"]
[Site "Gap"]
[Date "2009.05.01"]
[Round "8"]
[White "Piankov, Evgenij"]
[Black "Py, Walter"]
[Result "1-0"]
[WhiteElo "2345"]
[BlackElo "2115"]
[PlyCount "65"]
[EventDate "2009.04.??"]
[EventType "swiss"]
[EventRounds "7"]
[EventCountry "FRA"]

1. d4 f5 2. g3 Nf6 3. Bg2 e6 4. Nd2 d5 5. Nh3 Be7 6. O-O O-O 7. Nf3 Ne4 8. Nf4
Bf6 9. Nd3 Bd7 10. Nfe5 Nc6 11. c3 Nxe5 12. Nxe5 Be8 13. Nd3 Bh5 14. Bf4 Qe7
15. Qc2 b6 16. f3 Nd6 17. Rae1 g5 18. Bxd6 cxd6 19. e4 dxe4 20. fxe4 fxe4 21.
Bxe4 Rac8 22. Qg2 Bg6 23. Bxg6 hxg6 24. Qe4 Rfe8 25. Qxg6+ Bg7 26. Nf2 Qf6 27.
Qe4 e5 28. Ng4 Qe6 29. d5 Qe7 30. Qg6 Rf8 31. Nh6+ Kh8 32. Nf7+ Kg8 33. Nxg5
1-0

[Event "GAP 2009"]
[Site "Gap"]
[Date "2009.05.01"]
[Round "8"]
[White "Rubino, Adrien"]
[Black "Garnier, Jean Paul"]
[Result "0-1"]
[WhiteElo "1839"]
[BlackElo "2055"]
[PlyCount "80"]
[EventDate "2009.04.??"]
[EventType "swiss"]
[EventRounds "7"]
[EventCountry "FRA"]

1. e4 e5 2. Nf3 Nf6 3. Nc3 Bb4 4. Bc4 O-O 5. O-O d6 6. d3 Bg4 7. Bg5 c6 8. a3
Ba5 9. b4 Bc7 10. Re1 Nbd7 11. Bb3 Qe7 12. Nb1 h6 13. Bh4 Rfe8 14. Nbd2 Nf8 15.
c3 g5 16. Bg3 Ng6 17. Qc2 Kg7 18. d4 Nh5 19. d5 Nhf4 20. c4 h5 21. h3 Bd7 22.
Nf1 g4 23. hxg4 hxg4 24. N3h2 Rh8 25. Qd1 Qg5 26. Ne3 Rxh2 27. Bxh2 Rh8 28. c5
Qh4 29. Nf1 Nxg2 30. Qd3 N6f4 31. Qg3 Qg5 32. Qc3 Rh3 33. Qc1 Nxe1 34. Qxe1
Rxb3 35. Ne3 Nh3+ 36. Kf1 cxd5 37. exd5 Bb5+ 38. Kg2 Qf6 39. Bg3 Qf3+ 40. Kh2
f5 0-1

[Event "GAP 2009"]
[Site "Gap"]
[Date "2009.05.01"]
[Round "8"]
[White "Jouet, Philippe"]
[Black "Clement, Olivier"]
[Result "1/2-1/2"]
[WhiteElo "1894"]
[BlackElo "2070"]
[PlyCount "56"]
[EventDate "2009.04.??"]
[EventType "swiss"]
[EventRounds "7"]
[EventCountry "FRA"]

1. d4 Nf6 2. Nf3 e6 3. Nbd2 d5 4. e3 c5 5. c3 Nbd7 6. Bd3 c4 7. Bc2 Be7 8. e4
dxe4 9. Nxe4 O-O 10. O-O Nxe4 11. Bxe4 Nf6 12. Bc2 b5 13. Ne5 Bb7 14. Bg5 h6
15. Bxf6 Bxf6 16. f4 a5 17. Qg4 Bxe5 18. fxe5 Qg5 19. Qxg5 hxg5 20. a3 Bd5 21.
Bd1 Rab8 22. Bf3 b4 23. Bxd5 exd5 24. axb4 axb4 25. Ra5 bxc3 26. bxc3 Rb3 27.
Rxd5 Rxc3 28. Rc5 Rc2 1/2-1/2

[Event "GAP 2009"]
[Site "Gap"]
[Date "2009.05.01"]
[Round "8"]
[White "Diot, Jean Marie"]
[Black "Auque, Bernard"]
[Result "1/2-1/2"]
[WhiteElo "1590"]
[BlackElo "1969"]
[PlyCount "60"]
[EventDate "2009.04.??"]
[EventType "swiss"]
[EventRounds "7"]
[EventCountry "FRA"]

1. c4 e5 2. Nc3 Nc6 3. Nf3 f5 4. e4 Nf6 5. d4 fxe4 6. Nxe5 Bd6 7. Bf4 O-O 8. c5
Nxe5 9. dxe5 Bxc5 10. exf6 Qxf6 11. Qd5+ Kh8 12. Qxc5 d6 13. Bxd6 cxd6 14. Qe3
Bf5 15. Bc4 Rac8 16. Bd5 Rc5 17. O-O Qg6 18. Bxe4 Re5 19. Bxf5 Rexf5 20. Rad1
Rg5 21. g3 Rh5 22. Rd5 Rh6 23. Qxa7 Qg4 24. Rd4 Qh3 25. Rh4 Rxh4 26. gxh4 Qg4+
27. Kh1 Qf3+ 28. Kg1 Qg4+ 29. Kh1 Qf3+ 30. Kg1 Qg4+ 1/2-1/2